[Event "Ribeira Valley op 9th"]
[Site "Registro"]
[Date "2013.08.02"]
[Round "7"]
[White "Fernandez, Daniel"]
[Black "Delgado Ramirez, Neuris"]
[Result "0-1"]
[WhiteElo "2405"]
[BlackElo "2583"]
[PlyCount "58"]
[EventDate "2013.07.30"]
[EventType "swiss"]
[EventRounds "9"]
[EventCountry "BRA"]
[SourceTitle "CBM 155 Extra"]
[Source "ChessBase"]
[SourceDate "2013.08.26"]
[SourceVersion "1"]
[SourceVersionDate "2013.08.26"]
[SourceQuality "1"]

1. d4 Nf6 2. c4 e6 3. g3 Bb4+ 4. Bd2 Qe7 5. Nf3 Nc6 6. Bg2 Bxd2+ 7. Nbxd2 d6 8.
O-O a5 9. e4 e5 10. d5 Nb8 11. Ne1 h5 12. f4 h4 13. c5 hxg3 14. hxg3 Nbd7 15.
Nd3 Nxc5 16. Nxc5 dxc5 17. Nc4 Nd7 18. d6 Qe6 19. Rc1 b5 20. Nxe5 Nxe5 21. fxe5
Qxe5 22. dxc7 Be6 23. Rf5 Qxc7 24. Rfxc5 Qxg3 25. Qd2 Qh2+ 26. Kf2 Rd8 27. Qe2
Bc4 28. Qg4 Rh4 29. Qxg7 Qf4+ 0-1

[Event "Ribeira Valley op 9th"]
[Site "Registro"]
[Date "2013.08.02"]
[Round "8"]
[White "Delgado Ramirez, Neuris"]
[Black "Mareco, Sandro"]
[Result "1/2-1/2"]
[WhiteElo "2583"]
[BlackElo "2561"]
[PlyCount "54"]
[EventDate "2013.07.30"]
[EventType "swiss"]
[EventRounds "9"]
[EventCountry "BRA"]
[SourceTitle "CBM 155 Extra"]
[Source "ChessBase"]
[SourceDate "2013.08.26"]
[SourceVersion "1"]
[SourceVersionDate "2013.08.26"]
[SourceQuality "1"]

1. e4 c5 2. Nf3 d6 3. Bb5+ Nd7 4. d4 cxd4 5. Qxd4 a6 6. Bxd7+ Bxd7 7. c4 e5 8.
Qd3 b5 9. Nc3 Qb8 10. O-O h6 11. b3 Nf6 12. a4 b4 13. Nd5 Nxd5 14. Qxd5 Be7 15.
Be3 Be6 16. Qd3 a5 17. Nd2 O-O 18. f4 exf4 19. Bxf4 Bf6 20. Rad1 Be5 21. Be3
Qb7 22. Nf3 Rfe8 23. Nxe5 dxe5 24. h3 Re7 25. Bc5 Rd7 26. Qe3 Rxd1 27. Rxd1 Bd7
1/2-1/2

[Event "Ribeira Valley op 9th"]
[Site "Registro"]
[Date "2013.08.03"]
[Round "9"]
[White "Matsuura, Everaldo"]
[Black "Delgado Ramirez, Neuris"]
[Result "1/2-1/2"]
[WhiteElo "2501"]
[BlackElo "2583"]
[PlyCount "37"]
[EventDate "2013.07.30"]
[EventType "swiss"]
[EventRounds "9"]
[EventCountry "BRA"]
[SourceTitle "CBM 155 Extra"]
[Source "ChessBase"]
[SourceDate "2013.08.26"]
[SourceVersion "1"]
[SourceVersionDate "2013.08.26"]
[SourceQuality "1"]

1. e4 c5 2. Nf3 d6 3. d4 cxd4 4. Nxd4 Nf6 5. Nc3 a6 6. Be3 e5 7. Nb3 Be7 8. f3
Be6 9. Qd2 O-O 10. O-O-O a5 11. Qe1 Qc8 12. a3 a4 13. Nd2 Qc7 14. Kb1 Rc8 15.
Bd3 Nbd7 16. g4 Nc5 17. Be2 Ncd7 18. Bd3 Nc5 19. Be2 1/2-1/2

[Event "Asuncion Anniv ABC Color"]
[Site "Asuncion"]
[Date "2013.08.13"]
[Round "1"]
[White "Perelman, Hernan"]
[Black "Delgado Ramirez, Neuris"]
[Result "0-1"]
[WhiteElo "2352"]
[BlackElo "2583"]
[PlyCount "100"]
[EventDate "2013.08.13"]
[EventType "tourn"]
[EventRounds "9"]
[EventCountry "PAR"]
[EventCategory "3"]
[SourceTitle "CBM 156 Extra"]
[Source "ChessBase"]
[SourceDate "2013.10.22"]
[SourceVersion "1"]
[SourceVersionDate "2013.10.22"]
[SourceQuality "1"]

1. d4 Nf6 2. Nf3 e6 3. c4 Bb4+ 4. Bd2 Qe7 5. g3 Nc6 6. Bg2 Bxd2+ 7. Nbxd2 d6 8.
Nf1 d5 9. N1d2 O-O 10. O-O Rd8 11. Qb3 dxc4 12. Qxc4 e5 13. dxe5 Nxe5 14. Qc2
Nc6 15. Nb3 Be6 16. a3 Bd5 17. Rfd1 Rd6 18. Nfd4 Bxg2 19. Kxg2 Nxd4 20. Rxd4
Re6 21. e3 b6 22. Qe2 c5 23. Rdd1 h5 24. h3 Re8 25. Nd2 g6 26. Rac1 Nh7 27. h4
Nf6 28. Rc3 Qb7+ 29. Kg1 Qc6 30. Rd3 c4 31. Rd4 b5 32. a4 a6 33. axb5 axb5 34.
Nf3 Qc7 35. Kg2 Ng4 36. Rd7 Qc6 37. Rd8 Ne5 38. R8d5 Nd3 39. R1xd3 cxd3 40.
Qxd3 b4 41. Qb5 Qa8 42. Kh2 Rc6 43. Nd4 Rf6 44. Kg1 Rc8 45. Qd7 Rc1+ 46. Kg2
Qa1 47. Ne2 Rh1 48. Nf4 Qf1+ 49. Kf3 Rh2 50. Rd2 Qg2+ 0-1

[Event "Asuncion Anniv ABC Color"]
[Site "Asuncion"]
[Date "2013.08.14"]
[Round "2"]
[White "Almiron, Antonio"]
[Black "Delgado Ramirez, Neuris"]
[Result "0-1"]
[WhiteElo "2241"]
[BlackElo "2583"]
[PlyCount "38"]
[EventDate "2013.08.13"]
[EventType "tourn"]
[EventRounds "9"]
[EventCountry "PAR"]
[EventCategory "3"]
[SourceTitle "CBM 156 Extra"]
[Source "ChessBase"]
[SourceDate "2013.10.22"]
[SourceVersion "1"]
[SourceVersionDate "2013.10.22"]
[SourceQuality "1"]

1. e4 c5 2. Nf3 d6 3. d4 cxd4 4. Nxd4 Nf6 5. Nc3 a6 6. Be2 e5 7. Nb3 Be7 8. Bg5
Be6 9. Bxf6 Bxf6 10. Qd3 O-O 11. O-O-O Be7 12. Kb1 Nd7 13. Nd5 Bxd5 14. Qxd5
Qc7 15. Na5 Nf6 16. Qxb7 Qxa5 17. Qxe7 Rab8 18. f3 Qb6 19. b3 Rbd8 0-1

[Event "Asuncion Anniv ABC Color"]
[Site "Asuncion"]
[Date "2013.08.15"]
[Round "3"]
[White "Delgado Ramirez, Neuris"]
[Black "Kropff, Ricardo"]
[Result "1-0"]
[WhiteElo "2583"]
[BlackElo "2216"]
[PlyCount "59"]
[EventDate "2013.08.13"]
[EventType "tourn"]
[EventRounds "9"]
[EventCountry "PAR"]
[EventCategory "3"]
[SourceTitle "CBM 156 Extra"]
[Source "ChessBase"]
[SourceDate "2013.10.22"]
[SourceVersion "1"]
[SourceVersionDate "2013.10.22"]
[SourceQuality "1"]

1. e4 c5 2. Nf3 d6 3. Bb5+ Nd7 4. O-O Ngf6 5. Re1 a6 6. Bxd7+ Bxd7 7. a4 Bg4 8.
c3 e6 9. a5 Be7 10. d4 O-O 11. dxc5 dxc5 12. Qe2 Qc7 13. Nbd2 Rad8 14. Nc4 Bh5
15. Bg5 h6 16. Bh4 Bg6 17. Nfe5 Bh7 18. f3 g5 19. Bg3 Nh5 20. Ng6 Nxg3 21.
Nxe7+ Qxe7 22. hxg3 Qc7 23. g4 Qc6 24. Red1 f5 25. Rxd8 Rxd8 26. Rd1 Qe8 27.
Rxd8 Qxd8 28. exf5 exf5 29. Qe6+ Kg7 30. gxf5 1-0

[Event "Asuncion Anniv ABC Color"]
[Site "Asuncion"]
[Date "2013.08.15"]
[Round "4"]
[White "Salinas Herrera, Pablo Patricio"]
[Black "Delgado Ramirez, Neuris"]
[Result "0-1"]
[WhiteElo "2383"]
[BlackElo "2583"]
[PlyCount "78"]
[EventDate "2013.08.13"]
[EventType "tourn"]
[EventRounds "9"]
[EventCountry "PAR"]
[EventCategory "3"]
[SourceTitle "CBM 156 Extra"]
[Source "ChessBase"]
[SourceDate "2013.10.22"]
[SourceVersion "1"]
[SourceVersionDate "2013.10.22"]
[SourceQuality "1"]

1. e4 c5 2. Nf3 d6 3. d4 cxd4 4. Nxd4 Nf6 5. Nc3 a6 6. Be2 e5 7. Nb3 Be7 8. Be3
Be6 9. Nd5 Nxd5 10. exd5 Bf5 11. Qd2 Nd7 12. Na5 Qc7 13. b4 Qxc2 14. Qxc2 Bxc2
15. Nxb7 Nf6 16. b5 Nxd5 17. bxa6 O-O 18. Rc1 Be4 19. O-O Nxe3 20. fxe3 Bg5 21.
Rc3 d5 22. Nc5 Bg6 23. h4 d4 24. hxg5 dxc3 25. Rc1 c2 26. Bf3 Rac8 27. Nb3 Rc7
28. Bb7 Bf5 29. Na5 Bc8 30. Kf2 Rd8 31. Bf3 Bxa6 32. Nc6 Rd6 33. Nxe5 Rc5 34.
Ng4 Bc8 35. Nh2 Rb6 36. Be4 Bb7 37. Bd3 Ba6 38. Be4 Rb4 39. Kf3 Bb7 0-1

[Event "Asuncion Anniv ABC Color"]
[Site "Asuncion"]
[Date "2013.08.16"]
[Round "5"]
[White "Delgado Ramirez, Neuris"]
[Black "Jodorcovsky Werjivker, Paulo"]
[Result "1/2-1/2"]
[WhiteElo "2583"]
[BlackElo "2171"]
[PlyCount "88"]
[EventDate "2013.08.13"]
[EventType "tourn"]
[EventRounds "9"]
[EventCountry "PAR"]
[EventCategory "3"]
[SourceTitle "CBM 156 Extra"]
[Source "ChessBase"]
[SourceDate "2013.10.22"]
[SourceVersion "1"]
[SourceVersionDate "2013.10.22"]
[SourceQuality "1"]

1. e4 c5 2. Nf3 e6 3. Nc3 a6 4. g3 b5 5. Bg2 Bb7 6. d3 d6 7. O-O Be7 8. e5 dxe5
9. Nxe5 Bxg2 10. Kxg2 Nd7 11. f4 Ngf6 12. Nc6 Qb6 13. Qf3 Qb7 14. a4 b4 15. Ne4
Nxe4 16. Na5 Qc7 17. Qxe4 O-O 18. Nc4 Nf6 19. Qf3 Rad8 20. b3 Nd5 21. Bb2 Bf6
22. Ne5 Bxe5 23. fxe5 Ne7 24. Rae1 Nf5 25. Re4 Nd4 26. Qd1 Rd5 27. Rfe1 Qc6 28.
Kh3 f5 29. exf6 Rxf6 30. Bxd4 cxd4 31. Kg2 Rdf5 32. R1e2 Kf7 33. Qa1 Rd5 34.
Kg1 Qd6 35. Qe1 Rdf5 36. Re5 a5 37. g4 Rxe5 38. Rxe5 Qc6 39. Qe2 Qc7 40. Re4
Qc5 41. Re5 Qc7 42. Re4 Qc5 43. Qg2 Qg5 44. Qe2 Qc5 1/2-1/2

[Event "Asuncion Anniv ABC Color"]
[Site "Asuncion"]
[Date "2013.08.16"]
[Round "6"]
[White "Latorre Lopez Moreira, Luis Matias"]
[Black "Delgado Ramirez, Neuris"]
[Result "0-1"]
[WhiteElo "2186"]
[BlackElo "2583"]
[PlyCount "132"]
[EventDate "2013.08.13"]
[EventType "tourn"]
[EventRounds "9"]
[EventCountry "PAR"]
[EventCategory "3"]
[SourceTitle "CBM 156 Extra"]
[Source "ChessBase"]
[SourceDate "2013.10.22"]
[SourceVersion "1"]
[SourceVersionDate "2013.10.22"]
[SourceQuality "1"]

1. d4 Nf6 2. c4 e6 3. Nc3 Bb4 4. Qc2 d6 5. Nf3 Nbd7 6. Bd2 O-O 7. a3 Bxc3 8.
Bxc3 Qe7 9. e3 b6 10. Be2 Bb7 11. O-O Ne4 12. Nd2 Nxc3 13. Qxc3 f5 14. Bf3 Bxf3
15. Nxf3 Nf6 16. Rac1 Ne4 17. Qd3 Rf6 18. Nd2 Nxd2 19. Qxd2 Raf8 20. f4 e5 21.
d5 Re8 22. Rce1 Qd7 23. Re2 Rf7 24. Rfe1 Rfe7 25. Qc2 g6 26. Qd2 b5 27. Qc2 c5
28. h3 a6 29. e4 fxe4 30. Qxe4 bxc4 31. Qxc4 exf4 32. Rxe7 Rxe7 33. Rxe7 Qxe7
34. Qxf4 Kg7 35. Kf2 Qf6 36. Ke3 Qxb2 37. Qxd6 Qxa3+ 38. Kf4 Qc1+ 39. Kg3 Qe3+
40. Kh2 a5 41. Qc6 a4 42. Qxa4 Qe5+ 43. Kh1 Qxd5 44. Qa7+ Kf6 45. Qxh7 c4 46.
Qh4+ g5 47. Qh8+ Kf5 48. Qf8+ Ke5 49. Qf2 Qd1+ 50. Kh2 Qd4 51. Qe1+ Kf6 52. Qb1
c3 53. Qh7 Ke5 54. Qe7+ Kf4 55. Qb7 Ke3 56. Qe7+ Kd3 57. Qxg5 Qd6+ 58. Kh1 c2
59. Qb5+ Kd2 60. Qg5+ Kc3 61. Qa5+ Qb4 62. Qe5+ Kb3 63. Qe3+ Ka2 64. Qe6+ Kb1
65. Qf5 Qc4 66. Qg6 Ka2 0-1

[Event "Asuncion Anniv ABC Color"]
[Site "Asuncion"]
[Date "2013.08.17"]
[Round "7"]
[White "Delgado Ramirez, Neuris"]
[Black "Sosa, Tomas1"]
[Result "1-0"]
[WhiteElo "2583"]
[BlackElo "2266"]
[PlyCount "75"]
[EventDate "2013.08.13"]
[EventType "tourn"]
[EventRounds "9"]
[EventCountry "PAR"]
[EventCategory "3"]
[SourceTitle "CBM 156 Extra"]
[Source "ChessBase"]
[SourceDate "2013.10.22"]
[SourceVersion "1"]
[SourceVersionDate "2013.10.22"]
[SourceQuality "1"]

1. e4 c5 2. Nf3 g6 3. c3 d5 4. e5 Nc6 5. d4 Bg4 6. Bb5 cxd4 7. Bxc6+ bxc6 8.
cxd4 Qb6 9. Nbd2 Qa6 10. Nb3 e6 11. Qe2 Qxe2+ 12. Kxe2 Ne7 13. h3 Bxf3+ 14.
Kxf3 h5 15. Bd2 Nf5 16. g4 Ng7 17. Bg5 Kd7 18. Rhc1 Rb8 19. Kg3 Rb6 20. Rc3 Be7
21. Bxe7 Kxe7 22. Rac1 Rc8 23. R1c2 Ne8 24. Na5 Kd7 25. Kf4 hxg4 26. hxg4 Rc7
27. Kg5 Rc8 28. a3 Rc7 29. b4 Ra6 30. Rc1 Rb6 31. Rh1 Ke7 32. Nb3 f6+ 33. Kxg6
fxe5 34. dxe5 Kd8 35. Rh7 Rbb7 36. Rxc7 Rxc7 37. Nd4 Rg7+ 38. Kh5 1-0

[Event "Asuncion Anniv ABC Color"]
[Site "Asuncion"]
[Date "2013.08.17"]
[Round "8"]
[White "Pazos Gambarrotti, Plinio"]
[Black "Delgado Ramirez, Neuris"]
[Result "0-1"]
[WhiteElo "2301"]
[BlackElo "2583"]
[PlyCount "100"]
[EventDate "2013.08.13"]
[EventType "tourn"]
[EventRounds "9"]
[EventCountry "PAR"]
[EventCategory "3"]
[SourceTitle "CBM 156 Extra"]
[Source "ChessBase"]
[SourceDate "2013.10.22"]
[SourceVersion "1"]
[SourceVersionDate "2013.10.22"]
[SourceQuality "1"]

1. e4 c5 2. c3 Nf6 3. e5 Nd5 4. d4 cxd4 5. Nf3 d6 6. cxd4 Nc6 7. a3 g6 8. Bc4
Nb6 9. Bb5 dxe5 10. Nxe5 Bd7 11. Qb3 e6 12. Be3 Bg7 13. Nc3 O-O 14. O-O Be8 15.
Rfd1 Ne7 16. Bxe8 Rxe8 17. Bg5 h6 18. Bxe7 Qxe7 19. Nc4 Nxc4 20. Qxc4 Red8 21.
Ne2 Rac8 22. Qa4 a6 23. Rd2 Rc6 24. Rad1 b5 25. Qb3 Rc4 26. Qe3 Qb7 27. g3 Rc7
28. Nc3 Rcd7 29. Ne2 Qb6 30. f4 Rd5 31. Kf2 a5 32. b4 axb4 33. axb4 Qd6 34. Qd3
g5 35. Kf1 gxf4 36. gxf4 Kh8 37. Qc3 Rh5 38. Kg1 Rg8 39. Ng3 Rd5 40. Kg2 Bf8
41. Re2 Qxb4 42. Qd3 Bg7 43. Re5 Bxe5 44. fxe5 Rg6 45. Qf3 Qe7 46. Rc1 Qb7 47.
Kf2 b4 48. Nh5 Rd7 49. d5 Rxd5 50. Nf6 Qb6+ 0-1

[Event "Asuncion Anniv ABC Color"]
[Site "Asuncion"]
[Date "2013.08.18"]
[Round "9"]
[White "Delgado Ramirez, Neuris"]
[Black "Vazquez, Guillermo"]
[Result "1/2-1/2"]
[WhiteElo "2583"]
[BlackElo "2339"]
[PlyCount "51"]
[EventDate "2013.08.13"]
[EventType "tourn"]
[EventRounds "9"]
[EventCountry "PAR"]
[EventCategory "3"]
[SourceTitle "CBM 156 Extra"]
[Source "ChessBase"]
[SourceDate "2013.10.22"]
[SourceVersion "1"]
[SourceVersionDate "2013.10.22"]
[SourceQuality "1"]

1. e4 c5 2. Nf3 e6 3. b3 a6 4. Bb2 Nc6 5. c4 Qc7 6. Nc3 Nf6 7. g3 Rb8 8. Bg2 b5
9. d3 Be7 10. O-O O-O 11. Re1 bxc4 12. dxc4 d6 13. Nd2 Nd7 14. f4 Bf6 15. Nf3
Nd4 16. Na4 Nxf3+ 17. Bxf3 Bxb2 18. Nxb2 Bb7 19. Qd3 Rbd8 20. Rad1 Nb8 21. Na4
Nc6 22. Nc3 e5 23. Nd5 Qa5 24. Bg2 Rfe8 25. Kh1 Nd4 26. Nc3 1/2-1/2

[Event "Catarinense-ch 59th"]
[Site "Joinville"]
[Date "2013.09.19"]
[Round "1"]
[White "Martins, Sara Cristina Stach"]
[Black "Delgado Ramirez, Neuris"]
[Result "0-1"]
[WhiteElo "1739"]
[BlackElo "2584"]
[PlyCount "30"]
[EventDate "2013.09.19"]
[EventType "swiss"]
[EventRounds "7"]
[EventCountry "BRA"]
[SourceTitle "CBM 156 Extra"]
[Source "ChessBase"]
[SourceDate "2013.10.22"]
[SourceVersion "1"]
[SourceVersionDate "2013.10.22"]
[SourceQuality "1"]

1. e4 c5 2. Nf3 g6 3. d4 cxd4 4. Qxd4 Nf6 5. Bb5 Nc6 6. Qa4 Bg7 7. Nc3 O-O 8.
Bg5 d6 9. Bxc6 bxc6 10. Qxc6 Rb8 11. Bc1 Rb4 12. Nd5 Bb7 13. Nxb4 Bxc6 14. Nxc6
Qc7 15. Nb4 a5 0-1

[Event "Catarinense-ch 59th"]
[Site "Joinville"]
[Date "2013.09.20"]
[Round "2"]
[White "Delgado Ramirez, Neuris"]
[Black "Schuh, Astor Jose"]
[Result "1-0"]
[WhiteElo "2584"]
[BlackElo "1960"]
[PlyCount "61"]
[EventDate "2013.09.19"]
[EventType "swiss"]
[EventRounds "7"]
[EventCountry "BRA"]
[SourceTitle "CBM 156 Extra"]
[Source "ChessBase"]
[SourceDate "2013.10.22"]
[SourceVersion "1"]
[SourceVersionDate "2013.10.22"]
[SourceQuality "1"]

1. e4 c5 2. Nf3 Nc6 3. Bb5 Nd4 4. Nxd4 cxd4 5. O-O Qb6 6. Bc4 e6 7. d3 h5 8.
Nd2 g5 9. Bb3 g4 10. f4 Bg7 11. Nc4 Qc5 12. e5 f5 13. c3 dxc3+ 14. d4 cxb2 15.
Bxb2 Qc7 16. d5 Kf7 17. Rc1 Kg6 18. Nd6 Qd8 19. dxe6 dxe6 20. Nf7 Qxd1 21.
Nxh8+ Bxh8 22. Rfxd1 Bg7 23. Rd8 Ne7 24. Rc7 Kf7 25. Ba3 Bf8 26. Bxe7 Bxe7 27.
Rdxc8 Rxc8 28. Rxc8 a5 29. Rc7 b6 30. Rc6 Bc5+ 31. Kf1 1-0

[Event "Catarinense-ch 59th"]
[Site "Joinville"]
[Date "2013.09.21"]
[Round "3"]
[White "Grellmann, Fabricio Stadler"]
[Black "Delgado Ramirez, Neuris"]
[Result "0-1"]
[WhiteElo "2095"]
[BlackElo "2584"]
[PlyCount "72"]
[EventDate "2013.09.19"]
[EventType "swiss"]
[EventRounds "7"]
[EventCountry "BRA"]
[SourceTitle "CBM 156 Extra"]
[Source "ChessBase"]
[SourceDate "2013.10.22"]
[SourceVersion "1"]
[SourceVersionDate "2013.10.22"]
[SourceQuality "1"]

1. d4 Nf6 2. c4 e6 3. Nf3 Bb4+ 4. Bd2 a5 5. g3 d6 6. Bg2 Nbd7 7. O-O e5 8. a3
Bxd2 9. Nbxd2 a4 10. d5 Nc5 11. Qc2 O-O 12. e4 c6 13. dxc6 bxc6 14. Ne1 Qb6 15.
Rb1 Bg4 16. Nef3 Nfd7 17. h3 Bh5 18. g4 Bg6 19. Nh4 Ne6 20. Rfe1 Ndc5 21. Nf5
Rfd8 22. Nf1 Nb3 23. N1e3 Nbd4 24. Qd2 Rab8 25. Rec1 Nb3 26. Qd1 Nxc1 27. Rxc1
Qxb2 28. Ne7+ Kh8 29. Nxc6 Nd4 30. Nxd4 exd4 31. Rc2 Qb1 32. Rc1 Qb2 33. Rc2
Qxa3 34. Qxd4 Rb1+ 35. Kh2 Qc5 36. Qd2 Qe5+ 0-1

[Event "Catarinense-ch 59th"]
[Site "Joinville"]
[Date "2013.09.21"]
[Round "4"]
[White "Delgado Ramirez, Neuris"]
[Black "Gauche, Charles"]
[Result "1-0"]
[WhiteElo "2584"]
[BlackElo "2233"]
[PlyCount "90"]
[EventDate "2013.09.19"]
[EventType "swiss"]
[EventRounds "7"]
[EventCountry "BRA"]
[SourceTitle "CBM 156 Extra"]
[Source "ChessBase"]
[SourceDate "2013.10.22"]
[SourceVersion "1"]
[SourceVersionDate "2013.10.22"]
[SourceQuality "1"]

1. e4 c5 2. Nf3 d6 3. Bb5+ Nd7 4. c3 a6 5. Ba4 Ngf6 6. Qe2 e5 7. O-O b5 8. Bc2
Rb8 9. d4 Be7 10. Rd1 Qc7 11. d5 O-O 12. Nbd2 Re8 13. Nf1 Bf8 14. h3 c4 15. g4
Kh8 16. Ng3 Nc5 17. Kh2 Ng8 18. Be3 a5 19. Ng5 f6 20. Nf3 g6 21. Nd2 Bh6 22.
Bxh6 Nxh6 23. Qe3 Ng8 24. f4 exf4 25. Qxf4 Qe7 26. b4 axb4 27. cxb4 Na6 28. a3
Qe5 29. Qf2 Rb7 30. Nf3 Qe7 31. Qd4 Qg7 32. Qc3 Bd7 33. Rf1 Nc7 34. Nd4 Nh6 35.
a4 f5 36. gxf5 gxf5 37. Nxb5 Bxb5 38. Qxg7+ Kxg7 39. axb5 fxe4 40. Nh5+ Kh8 41.
Rf6 Ng8 42. Rf7 Reb8 43. b6 Nb5 44. Raf1 Rxb6 45. Bxe4 R6b7 1-0

[Event "Catarinense-ch 59th"]
[Site "Joinville"]
[Date "2013.09.21"]
[Round "5"]
[White "Leitao, Rafael Duailibe"]
[Black "Delgado Ramirez, Neuris"]
[Result "1/2-1/2"]
[WhiteElo "2632"]
[BlackElo "2584"]
[PlyCount "26"]
[EventDate "2013.09.19"]
[EventType "swiss"]
[EventRounds "7"]
[EventCountry "BRA"]
[SourceTitle "CBM 156 Extra"]
[Source "ChessBase"]
[SourceDate "2013.10.22"]
[SourceVersion "1"]
[SourceVersionDate "2013.10.22"]
[SourceQuality "1"]

1. d4 Nf6 2. c4 e6 3. Nf3 Bb4+ 4. Bd2 a5 5. Nc3 d6 6. g3 Nbd7 7. Bg2 e5 8. O-O
c6 9. Qc2 O-O 10. h3 Bxc3 11. Bxc3 e4 12. Nd2 d5 13. e3 Re8 1/2-1/2

[Event "Catarinense-ch 59th"]
[Site "Joinville"]
[Date "2013.09.22"]
[Round "6"]
[White "Delgado Ramirez, Neuris"]
[Black "Matsuura, Frederico"]
[Result "1-0"]
[WhiteElo "2584"]
[BlackElo "2293"]
[PlyCount "47"]
[EventDate "2013.09.19"]
[EventType "swiss"]
[EventRounds "7"]
[EventCountry "BRA"]
[SourceTitle "CBM 156 Extra"]
[Source "ChessBase"]
[SourceDate "2013.10.22"]
[SourceVersion "1"]
[SourceVersionDate "2013.10.22"]
[SourceQuality "1"]

1. e4 e6 2. d4 d5 3. Nd2 Be7 4. Ngf3 Nf6 5. e5 Nfd7 6. Bd3 c5 7. c3 Nc6 8. O-O
a5 9. Bc2 cxd4 10. cxd4 g5 11. Nb1 g4 12. Ne1 Qb6 13. Be3 Qxb2 14. Nd2 a4 15.
Nd3 Qc3 16. Rc1 f5 17. Nf4 Nf8 18. Bxf5 Qa3 19. Qxg4 Kf7 20. Qh5+ Kg8 21. Bb1
Bd7 22. Nf3 Be8 23. Qg4+ Kf7 24. Nxe6 1-0

[Event "Catarinense-ch 59th"]
[Site "Joinville"]
[Date "2013.09.22"]
[Round "7"]
[White "Disconzi da Silva, Rodrigo"]
[Black "Delgado Ramirez, Neuris"]
[Result "0-1"]
[WhiteElo "2374"]
[BlackElo "2584"]
[PlyCount "80"]
[EventDate "2013.09.19"]
[EventType "swiss"]
[EventRounds "7"]
[EventCountry "BRA"]
[SourceTitle "CBM 156 Extra"]
[Source "ChessBase"]
[SourceDate "2013.10.22"]
[SourceVersion "1"]
[SourceVersionDate "2013.10.22"]
[SourceQuality "1"]

1. d4 Nf6 2. Nf3 e6 3. Bg5 d6 4. c3 Nbd7 5. Nbd2 h6 6. Bh4 g5 7. Bg3 Nh5 8. e4
Bg7 9. Nc4 Qe7 10. Nfd2 Nxg3 11. hxg3 a6 12. Ne3 b6 13. Qc2 Bb7 14. O-O-O b5
15. Nb3 Nf6 16. d5 c5 17. Na5 Bc8 18. Be2 Qc7 19. Nc6 Bd7 20. Bf3 Bxc6 21. dxc6
Ng8 22. Ng4 Ne7 23. e5 d5 24. Nf6+ Bxf6 25. exf6 Nxc6 26. Bxd5 exd5 27. Rxd5
Nd8 28. Qe4+ Kf8 29. Rxc5 Qb7 30. Qb4 a5 31. Qxb5 Qxg2 32. Rd1 Ne6 33. Re5 Kg8
34. Rd7 Re8 35. Rd2 Rf8 36. Qd7 Rd8 37. Qa7 Rxd2 38. Kxd2 Qf3 39. Rxe6 Qd5+ 40.
Qd4 Qxd4+ 0-1

[Event "Porto Alegre Oncolinos op"]
[Site "Porto Alegre"]
[Date "2013.11.14"]
[Round "1"]
[White "Schilling, Ian Fischer"]
[Black "Delgado Ramirez, Neuris"]
[Result "0-1"]
[WhiteElo "1843"]
[BlackElo "2598"]
[PlyCount "70"]
[EventDate "2013.11.14"]
[EventType "swiss"]
[EventRounds "7"]
[EventCountry "BRA"]
[SourceTitle "EXT 2015"]
[Source "ChessBase"]
[SourceDate "2014.11.20"]
[SourceVersion "1"]
[SourceVersionDate "2014.11.20"]
[SourceQuality "1"]

1. e4 c5 2. Nf3 d6 3. d4 cxd4 4. Nxd4 Nf6 5. Nc3 a6 6. Bd3 e5 7. Nb3 Be6 8. O-O
Be7 9. f3 Nbd7 10. Be3 O-O 11. Qd2 b5 12. Ne2 d5 13. Ng3 d4 14. Bf2 Nb6 15. c3
Nc4 16. Bxc4 bxc4 17. Nc1 d3 18. b3 Qc7 19. Rd1 Rfd8 20. bxc4 Bxc4 21. Qe3 Qd7
22. Nb3 Rac8 23. Nf5 Ba3 24. Qd2 Be6 25. Bb6 Bxf5 26. exf5 Re8 27. Qxd3 Qc6 28.
Ba5 h5 29. Rab1 h4 30. g4 Bc5+ 31. Kf1 e4 32. fxe4 Rxe4 33. Nxc5 Rf4+ 34. Ke2
Re8+ 35. Ne6 Qd5 0-1

[Event "Porto Alegre Oncolinos op"]
[Site "Porto Alegre"]
[Date "2013.11.15"]
[Round "2"]
[White "Delgado Ramirez, Neuris"]
[Black "Zimmermann, Kleber Renato P"]
[Result "1-0"]
[WhiteElo "2598"]
[BlackElo "2002"]
[PlyCount "83"]
[EventDate "2013.11.14"]
[EventType "swiss"]
[EventRounds "7"]
[EventCountry "BRA"]
[SourceTitle "EXT 2015"]
[Source "ChessBase"]
[SourceDate "2014.11.20"]
[SourceVersion "1"]
[SourceVersionDate "2014.11.20"]
[SourceQuality "1"]

1. e4 c5 2. Nf3 d6 3. Bc4 e6 4. d3 Be7 5. Bb3 Nc6 6. c3 Nf6 7. O-O O-O 8. Re1
b6 9. Nbd2 Bb7 10. Nf1 Qc7 11. Ng3 Rfd8 12. a3 h6 13. h3 Rac8 14. Bd2 Bf8 15.
Rc1 Qb8 16. Bc2 b5 17. d4 cxd4 18. cxd4 Ba8 19. Qe2 Ne7 20. Bc3 d5 21. e5 Ne4
22. Bb4 Ng6 23. Bxf8 Kxf8 24. Nxe4 dxe4 25. Bxe4 Bxe4 26. Qxe4 b4 27. Rxc8 Qxc8
28. axb4 Kg8 29. b5 Rd5 30. b6 axb6 31. Ra1 Ra5 32. Rxa5 bxa5 33. Qe1 Nf4 34.
Qxa5 Qc1+ 35. Kh2 Qxb2 36. Qa8+ Kh7 37. Qe4+ Ng6 38. h4 h5 39. Ng5+ Kg8 40. Qf3
f6 41. Qa8+ Nf8 42. Nxe6 1-0

[Event "Porto Alegre Oncolinos op"]
[Site "Porto Alegre"]
[Date "2013.11.15"]
[Round "3"]
[White "Cunha, Lucas Aguiar"]
[Black "Delgado Ramirez, Neuris"]
[Result "0-1"]
[WhiteElo "2265"]
[BlackElo "2598"]
[PlyCount "60"]
[EventDate "2013.11.14"]
[EventType "swiss"]
[EventRounds "7"]
[EventCountry "BRA"]
[SourceTitle "EXT 2015"]
[Source "ChessBase"]
[SourceDate "2014.11.20"]
[SourceVersion "1"]
[SourceVersionDate "2014.11.20"]
[SourceQuality "1"]

1. e4 c5 2. Nf3 d6 3. d4 cxd4 4. Nxd4 Nf6 5. Nc3 a6 6. Be2 e5 7. Nf3 Qc7 8. O-O
Be7 9. Re1 O-O 10. h3 b5 11. Qd3 Nbd7 12. b4 Bb7 13. Bf1 d5 14. Nxd5 Bxd5 15.
exd5 Bxb4 16. Bd2 e4 17. Qb3 Bd6 18. Nd4 Nc5 19. Qb2 Na4 20. Qb3 Bh2+ 21. Kh1
Be5 22. Be3 Nc5 23. Qa3 Nxd5 24. c4 b4 25. Qc1 Nxe3 26. fxe3 Qd6 27. Qd1 Rad8
28. Rb1 a5 29. Nf5 Qf6 30. Qg4 h5 0-1